00444 2200169 4500001002100000005001500021008004100036020002200077035001900099041000700118082000800125090001400133100001800147245004200165260004000207300002700247INLIS00000000002116520241224131009241224||||||||| | ||| |||| || |  a978-602-97559-8-5 0010-1224021165 aid0 a610 a610 SRI i0 aSri Handayani00aIlmu Politik dalam Kebijkan Kesehatan aYogyakartabGosyen Publishingc2011 axvi;164 hlm;14 x 20 cm